00386nam a2200157Ia 4500008004100000041000800041100001300049245006400062260002600126300000900152500000900161520001200170520001500182650001200197999001900209230606s2022 xx 000 0 und d aeng aRao/Wren aWren and martin high school english grammar and composition bBlack well pub.c2022 a384p a2278 aGeneral aHard Board aG.SKILL c421293d421293